[Event "FRA-chT2A 0506"]
[Site "France"]
[Date "2005.11.20"]
[Round "3.5"]
[White "Flament, Alexandre"]
[Black "Duverdier, Serge"]
[Result "1/2-1/2"]
[WhiteElo "2070"]
[BlackElo "2063"]
[PlyCount "140"]
[EventDate "2005.10.27"]
[EventType "team-tourn"]
[EventRounds "11"]
[EventCountry "FRA"]
[SourceTitle "EXT 2006"]
[Source "ChessBase"]
[SourceDate "2005.11.24"]
[SourceVersion "1"]
[SourceVersionDate "2005.11.24"]
[SourceQuality "1"]
[WhiteTeam "Niort"]
[BlackTeam "Bordeaux Echecs"]
[WhiteTeamCountry "FRA"]
[BlackTeamCountry "FRA"]

1. d4 Nf6 2. Nf3 g6 3. g3 Bg7 4. Bg2 0-0 5. 0-0 c5 6. c4 cxd4 7. Nxd4 d5 8. cxd5 Nxd5 9. Nb5 Nb4 10. Qa4 N8c6 11. N1c3 Qa5 12. Bg5 Qxa4 13. Nxa4 h6 14. Bf4 e5 15. Bd2 Nc2 16. Rac1 N6d4 17. Nxd4 Nxd4 18. Rfe1 Bg4 19. Kf1 Rac8 20. Bxb7 Rxc1 21. Bxc1 Rb8 22. Bd5 Rc8 23. Nc3 Nc2 24. Rd1 Nd4 25. f3 Bh3+ 26. Kf2 h5 27. Be3 Rb8 28. b3 Rc8 29. Rc1 Bf8 30. Bc4 Ba3 31. Rd1 Be6 32. Nd5 Bxd5 33. Bxd5 Rc2 34. Rd2 Rxd2 35. Bxd2 Nc2 36. Bc4 Nb4 37. Be3 Nxa2 38. Bxa7 Nc3 39. e4 Bb4 40. Kg2 Kf8 41. Bb8 f6 42. Ba7 Ke7 43. Be3 Nd1 44. Bb6 Nc3 45. h4 Bd6 46. Kh3 Na2 47. Be3 Nb4 48. Bh6 Nc6 49. Bd2 Nd4 50. Kg2 Nc6 51. Bd5 Nb4 52. Bc4 Nc6 53. Bc3 Bc5 54. g4 Bd6 55. Bb5 Nd4 56. Bc4 Nc6 57. Kg3 Nb4 58. Bd2 Nc6 59. gxh5 gxh5 60. f4 Nd4 61. fxe5 fxe5 62. b4 Bc7 63. b5 Kf6 64. Bg5+ Kg7 65. Be7 Bb6 66. Bd6 Kf6 67. Bb8 Ne6 68. Bxe6 Kxe6 69. Kf3 Bd4 70. Bc7 Kd7 1/2-1/2

[Event "Rochefort op 4th"]
[Site "Rochefort"]
[Date "2005.??.??"]
[Round "1"]
[White "Marholev, Dimitar"]
[Black "Flament, Alexandre"]
[Result "1-0"]
[WhiteElo "2381"]
[BlackElo "2064"]
[PlyCount "61"]
[EventDate "2005.02.16"]
[EventType "swiss"]
[EventRounds "7"]
[EventCountry "FRA"]
[SourceTitle "EXT 2006"]
[Source "ChessBase"]
[SourceDate "2005.11.24"]
[SourceVersion "1"]
[SourceVersionDate "2005.11.24"]
[SourceQuality "1"]

1. e4 c5 2. Nc3 Nc6 3. Bb5 Nd4 4. Bc4 g6 5. Nf3 Bg7 6. 0-0 d6 7. d3 Nf6 8. Nxd4 cxd4 9. Ne2 d5 10. Bb5+ Bd7 11. Bxd7+ Nxd7 12. exd5 Nb6 13. c4 dxc3 14. Nxc3 0-0 15. Re1 Rc8 16. Qb3 Bxc3 17. bxc3 Qxd5 18. c4 Qd7 19. Bg5 Rfe8 20. a4 Rcd8 21. a5 Nc8 22. Rad1 Qf5 23. Bh6 Qxa5 24. Qb2 f6 25. Qxb7 Rxd3 26. Qc6 Nd6 27. c5 Rxd1 28. Rxd1 Rc8 29. Qd7 Rxc5 30. Qxe7 Nf7 31. Qf8# 1-0

[Event "FRA-chT III 0203"]
[Site "France"]
[Date "2003.03.16"]
[Round "7"]
[White "Flament, Alexandre"]
[Black "Sanner, Michel"]
[Result "0-1"]
[WhiteElo "2128"]
[BlackElo "2159"]
[PlyCount "100"]
[EventDate "2002.??.??"]
[EventType "team"]
[EventRounds "7"]
[EventCountry "FRA"]
[SourceTitle "EXT 2007"]
[Source "ChessBase"]
[SourceDate "2006.11.23"]
[SourceVersion "1"]
[SourceVersionDate "2006.11.23"]
[SourceQuality "1"]

1. e4 g6 2. d4 Bg7 3. Nc3 c6 4. Be3 d5 5. e5 f6 6. f4 Nh6 7. Be2 f5 8. Nh3 Nf7 9. Nf2 h5 10. Qd2 e6 11. 0-0-0 Nd7 12. Kb1 b5 13. h3 Nb6 14. Rdg1 Nc4 15. Qc1 Bf8 16. g4 Qa5 17. Nd3 b4 18. Nd1 Ba6 19. Bf2 h4 20. gxf5 gxf5 21. Rg6 Kd7 22. Rhg1 Re8 23. Rg8 Rh7 24. Be1 Qb6 25. Bf2 Qa5 26. Ka1 Nd8 27. Be1 Qb6 28. Bf2 Nb7 29. Ne3 Nxe3 30. Qxe3 Bxd3 31. Qxd3 a5 32. Qd1 a4 33. Bh5 Rb8 34. Bxh4 a3 35. b3 Rxh5 36. R1g7+ Bxg7 37. Rxg7+ Kc8 38. Rg8+ Nd8 39. Rxd8+ Kb7 40. Rxb8+ Kxb8 41. Be7 Rxh3 42. Bc5 Qb5 43. Qg1 Rg3 44. Qh1 Rg8 45. Kb1 Qe2 46. Bd6+ Kc8 47. Bxb4 Qf2 48. Be1 Rg1 49. Qh8+ Kb7 50. Qg7+ Ka6 0-1

[Event "Niort op-A"]
[Site "Niort"]
[Date "2002.09.28"]
[Round "1"]
[White "Delivre, Raphael"]
[Black "Flament, Alexandre"]
[Result "1/2-1/2"]
[WhiteElo "1710"]
[BlackElo "2122"]
[PlyCount "41"]
[EventDate "2002.09.??"]
[EventType "swiss"]
[EventRounds "6"]
[EventCountry "FRA"]
[SourceTitle "EXT 2004"]
[Source "ChessBase"]
[SourceDate "2003.11.25"]
[SourceVersion "1"]
[SourceVersionDate "2003.11.25"]
[SourceQuality "1"]

1. e4 c5 2. Nf3 Nc6 3. d4 cxd4 4. Nxd4 Nf6 5. Nc3 e5 6. Ndb5 d6 7. f3 a6 8. Na3 b5 9. Nd5 Be7 10. c3 0-0 11. Be2 Ne8 12. 0-0 f5 13. Be3 Rb8 14. Nc2 Bg5 15. c4 b4 16. b3 Bxe3+ 17. Ndxe3 Qb6 18. Kh1 f4 19. c5 Qb7 20. Nc4 dxc5 21. Qd5+ 1/2-1/2

[Event "Arthur Andersen Trophy 11th"]
[Site "Neuilly"]
[Date "2001.04.07"]
[Round "2"]
[White "Flament, Alexandre"]
[Black "Burguet, Gregory"]
[Result "1-0"]
[WhiteElo "2186"]
[BlackElo "2000"]
[PlyCount "33"]
[EventDate "2001.04.??"]
[EventType "swiss (rapid)"]
[EventRounds "7"]
[EventCountry "FRA"]
[SourceTitle "EXT 2005"]
[Source "ChessBase"]
[SourceDate "2004.11.15"]
[SourceVersion "1"]
[SourceVersionDate "2004.11.15"]
[SourceQuality "1"]

1. e4 e6 2. Nf3 d5 3. e5 c5 4. b4 cxb4 5. a3 d4 6. axb4 Bxb4 7. Bb2 Nc6 8. Bb5 Bc5 9. c3 Qb6 10. Na3 dxc3 11. Bxc3 Bxf2+ 12. Kf1 Bc5 13. Qa4 Nge7 14. Ba5 Bd7 15. Bxb6 Bxb6 16. Nc4 Bc5 17. d4 1-0

[Event "FRA-ch op-A"]
[Site "Auxerre"]
[Date "1996.??.??"]
[Round "?"]
[White "Boulier, Rene"]
[Black "Flament, Alexandre"]
[Result "0-1"]
[WhiteElo "1880"]
[BlackElo "1700"]
[PlyCount "60"]
[EventDate "1996.08.??"]
[EventType "swiss"]
[EventRounds "10"]
[EventCountry "FRA"]
[SourceTitle "EXT 2004"]
[Source "ChessBase"]
[SourceDate "2003.11.25"]
[SourceVersion "1"]
[SourceVersionDate "2003.11.25"]
[SourceQuality "1"]

1. e4 e6 2. d4 d5 3. Nd2 dxe4 4. Nxe4 Bd7 5. f3 Bc6 6. Ne2 Nd7 7. N2g3 h6 8. Bd3 Qh4 9. 0-0 f5 10. Nf2 Bd6 11. Qe2 0-0-0 12. c3 Ngf6 13. Re1 Rde8 14. b4 Ba4 15. Nf1 g5 16. Qb2 e5 17. g3 Qh5 18. Bxf5 Qxf3 19. Bh3 Bc6 20. Nd2 Qd5 21. Nde4 Nxe4 22. Nxe4 exd4 23. Bxd7+ Bxd7 24. Nxd6+ Qxd6 25. Rxe8+ Rxe8 26. cxd4 Bg4 27. Qc3 Re2 28. d5 Qb6+ 29. Qc5 Qf6 30. Bb2 Qf3 0-1

[Event "FRA-ch op-A"]
[Site "Auxerre"]
[Date "1996.??.??"]
[Round "8"]
[White "Flament, Alexandre"]
[Black "Lelong, B."]
[Result "1-0"]
[WhiteElo "1700"]
[BlackElo "1910"]
[PlyCount "69"]
[EventDate "1996.08.??"]
[EventType "swiss"]
[EventRounds "10"]
[EventCountry "FRA"]
[SourceTitle "EXT 2004"]
[Source "ChessBase"]
[SourceDate "2003.11.25"]
[SourceVersion "1"]
[SourceVersionDate "2003.11.25"]
[SourceQuality "1"]

1. d4 e5 2. dxe5 Nc6 3. Nf3 Qe7 4. Bf4 Qb4+ 5. Bd2 Qxb2 6. Nc3 Bb4 7. Rb1 Qa3 8. Rb3 Qa5 9. e3 Nge7 10. a3 Bxc3 11. Bxc3 Qc5 12. Ng5 Nxe5 13. Ne4 Qc6 14. Bxe5 Qxe4 15. Bxc7 0-0 16. Rb4 Qe6 17. Bd6 Re8 18. Bd3 g6 19. Bc4 Qf6 20. 0-0 Nf5 21. Bf4 Ne7 22. Ba2 Nc6 23. Rb5 b6 24. Bg5 Qg7 25. Rd5 Re5 26. f4 Rxe3 27. f5 Rxa3 28. fxg6 hxg6 29. Bb3 Na5 30. Rxf7 Qxf7 31. Rxd7 Nxb3 32. Rd8+ Kh7 33. cxb3 Qxb3 34. Qe1 Qf7 35. Qh4+ 1-0